[Event "32nd ECC Open 2016"]
[Site "Novi Sad SRB"]
[Date "2016.11.09"]
[Round "4.17"]
[Board "4"]
[White "Szuhanek, Ranko"]
[Black "Van de Griendt, Jan Willem"]
[Result "0-1"]
[WhiteTitle "IM"]
[BlackTitle "IM"]
[WhiteElo "2496"]
[BlackElo "2357"]
[WhiteTeam "Itaka"]
[BlackTeam "En Passant"]
[WhiteFideId "1202600"]
[BlackFideId "1002112"]
[EventDate "2016.11.06"]

1. c4 e6 2. Nc3 c5 3. Nf3 Nf6 4. g3 b6 5. Bg2 Bb7 6. O-O d6 7. Re1 Be7 8. e4 a6
9. d4 cxd4 10. Nxd4 Qc7 11. Be3 O-O 12. Rc1 Nbd7 13. f4 Rfe8 14. Bf2 Nf8 15. b3
Rac8 16. h3 Qb8 17. Kh2 N6d7 18. Qe2 Bf6 19. Qd2 Bd8 20. Red1 Bc7 21. Re1 Bd8
22. Nde2 Bc7 23. Rcd1 Qa8 24. Nc1 Rcd8 25. Nd3 Ng6 26. Re2 Nf6 27. Nb2 Nd7 28.
Qe1 Bc6 29. Nd3 Bb7 30. Qg1 Qb8 31. Kh1 Ngf8 32. Red2 Qa8 33. Kh2 Rb8 34. Re2
Rbd8 35. Nb2 Ng6 36. Nba4 Qa7 37. Red2 Ngf8 38. Kh1 Ba8 39. Kh2 Qb8 40. Nb2 Nf6
41. a4 Ng6 42. Re2 Nd7 43. Nd3 Nc5 44. Nc1 Nd7 45. Red2 Ngf8 46. Kh1 Nc5 47. Rb2
Ncd7 48. Kh2 Ng6 49. b4 Nf6 50. Nd3 d5 51. cxd5 exd5 52. e5 Ne4 53. Bd4 Ne7 54.
Ne2 Nf5 55. Rc2 Rd7 56. Ne1 h5 57. Bb2 Qd8 58. Nf3 f6 59. h4 Nh6 60. Bh3 Ng4+
61. Bxg4 hxg4 62. e6 gxf3 63. exd7 Qxd7 64. Nd4 f2 65. Rxf2 Nxf2 66. Qxf2 Qxa4
67. Re1 Bd6 68. Bc3 Re4 69. Nf5 Qc6 70. Bd4 Bxb4 71. Rb1 a5 72. Qf3 Qc2+ 0-1

[Event "32nd ECC Open 2016"]
[Site "Novi Sad SRB"]
[Date "2016.11.09"]
[Round "4.17"]
[Board "5"]
[White "Vedder, Richard"]
[Black "Nenezic, Marko"]
[Result "1/2-1/2"]
[WhiteTitle "FM"]
[BlackTitle "IM"]
[WhiteElo "2208"]
[BlackElo "2479"]
[WhiteTeam "En Passant"]
[BlackTeam "Itaka"]
[WhiteFideId "1004166"]
[BlackFideId "912123"]
[EventDate "2016.11.06"]

1. e4 c5 2. Nf3 d6 3. d4 cxd4 4. Nxd4 Nf6 5. Nc3 a6 6. Bg5 e6 7. f4 Qc7 8. Qe2
Nc6 9. O-O-O Be7 10. e5 Nxd4 11. Rxd4 dxe5 12. Rc4 Qa5 13. fxe5 Nd5 14. Bxe7
Nxe7 15. Ra4 Qb6 16. Ne4 O-O 17. Nd6 Ng6 18. Ra3 Qd4 19. Re3 Nxe5 20. Nxc8 Ng6
21. Re4 Qc5 22. h4 Raxc8 23. Rh3 Rfd8 24. Kb1 Qf2 25. Kc1 Qc5 26. Kb1 Qf5 27.
Rhe3 Qc5 28. Rc3 Qg1 29. Rxc8 Rxc8 30. Rxe6 Nf8 31. Re3 Rd8 32. Kc1 Ne6 33. g3
h6 34. c3 Qh1 35. Qg2 Qxg2 36. Bxg2 b6 37. Kc2 Kf8 38. b4 Ke7 39. Bb7 a5 40. a3
axb4 41. axb4 f5 42. Ba6 Kf6 43. Bc4 Nc7 44. Rd3 Rxd3 45. Kxd3 Ke5 46. Bf7 g5
47. hxg5 hxg5 48. c4 Na6 49. Kc3 Ke4 50. Bd5+ Ke3 51. Be6 f4 52. gxf4 gxf4 53.
Bh3 f3 54. Kb3 Kd4 55. Bf1 Nc7 56. Ka4 f2 57. Be2 Kc3 58. Bf1 Kd4 59. Be2 Ke4
60. Bf1 Ke5 61. Bg2 Kd4 62. Bf1 Kc3 63. c5 bxc5 64. bxc5 Kd4 65. c6 Kc5 66. Kb3
Nd5 67. c7 Nxc7 68. Kc3 Nd5+ 69. Kd3 Nf6 70. Ke3 Ng4+ 71. Kf3 Nh2+ 72. Kxf2 Nxf1
73. Kxf1 1/2-1/2

[Event "32nd ECC Open 2016"]
[Site "Novi Sad SRB"]
[Date "2016.11.09"]
[Round "4.17"]
[Board "6"]
[White "Sarenac, Ivan"]
[Black "De Graaf, Dick"]
[Result "1-0"]
[WhiteTitle "IM"]
[WhiteElo "2414"]
[BlackElo "2207"]
[WhiteTeam "Itaka"]
[BlackTeam "En Passant"]
[WhiteFideId "938165"]
[BlackFideId "1005677"]
[EventDate "2016.11.06"]

1. e4 e5 2. Nf3 Nc6 3. Bb5 Bc5 4. c3 Nge7 5. O-O Bb6 6. d4 exd4 7. cxd4 d5 8.
exd5 Nxd5 9. Re1+ Be6 10. Bg5 Qd6 11. Nbd2 h6 12. Bh4 O-O 13. Nc4 Qb4 14. Bxc6
Qxc4 15. Bxb7 Rab8 16. b3 Qb4 17. Bxd5 Bxd5 18. Be7 Qa5 19. Bxf8 Rxf8 20. Ne5
Ba8 21. Nd7 Qg5 22. f3 Rd8 23. Nxb6 axb6 24. Qe2 Qd5 25. Rad1 Bb7 26. Qe4 b5 27.
Qc2 Qd7 28. Qc5 1-0

[Event "32nd ECC Open 2016"]
[Site "Novi Sad SRB"]
[Date "2016.11.09"]
[Round "4.18"]
[Board "1"]
[White "Sprenger, Jan Michael"]
[Black "Martinovic, Sasa"]
[Result "1-0"]
[WhiteTitle "IM"]
[BlackTitle "GM"]
[WhiteElo "2512"]
[BlackElo "2560"]
[WhiteTeam "LSG IntelliMagic"]
[BlackTeam "SK Modra"]
[WhiteFideId "4646258"]
[BlackFideId "14509792"]
[EventDate "2016.11.06"]

1. e4 c5 2. Nf3 d6 3. d4 cxd4 4. Nxd4 Nf6 5. Nc3 Nc6 6. Bg5 e6 7. Qd2 a6 8.
O-O-O Bd7 9. f3 h6 10. Be3 b5 11. Nxc6 Bxc6 12. Kb1 Qc7 13. h4 h5 14. Bd3 d5 15.
Bf4 Qb6 16. exd5 Nxd5 17. Nxd5 Bxd5 18. Qc3 Qc5 19. Qe5 Bb7 20. Qe2 Be7 21. Be5
Bf6 22. Bxf6 gxf6 23. Be4 Bxe4 24. Qxe4 Rc8 25. Rd4 Rg8 26. Rd2 f5 27. Qb7 a5
28. c3 a4 29. Rhd1 Rg6 30. Rd7 Rf6 31. a3 f4 32. Re7+ Kf8 33. Rdd7 Qf5+ 34. Ka1
Rc5 35. Qb8+ Kg7 36. Re8 Rg6 37. Rg8+ Kf6 38. Rxf7+ 1-0

[Event "32nd ECC Open 2016"]
[Site "Novi Sad SRB"]
[Date "2016.11.09"]
[Round "4.18"]
[Board "2"]
[White "Maslik, Miroslav"]
[Black "Pijpers, Arthur"]
[Result "0-1"]
[WhiteTitle "IM"]
[BlackTitle "IM"]
[WhiteElo "2337"]
[BlackElo "2465"]
[WhiteTeam "SK Modra"]
[BlackTeam "LSG IntelliMagic"]
[WhiteFideId "14902192"]
[BlackFideId "1019554"]
[EventDate "2016.11.06"]

1. d4 Nf6 2. c4 g6 3. Nc3 Bg7 4. e4 d6 5. Nf3 O-O 6. Be2 e5 7. Be3 exd4 8. Nxd4
Re8 9. Bf3 Nbd7 10. O-O Nc5 11. Qc2 Bg4 12. Rad1 Bxf3 13. gxf3 Nh5 14. Kh1 Qh4
15. Rg1 Qh3 16. Qe2 Be5 17. Rg2 Bxd4 18. Rxd4 Ne6 19. Rd2 Nef4 20. Bxf4 Qxg2+
21. Kxg2 Nxf4+ 22. Kg3 Nxe2+ 23. Rxe2 Kg7 24. Rd2 Re5 25. f4 Rc5 26. Rd4 a5 27.
b3 Re8 28. f3 Re6 29. Na4 Rh5 30. h4 b5 31. Nc3 bxc4 32. bxc4 Rc5 33. Na4 Rc6
34. Nc3 Re8 35. a4 Rc5 36. Nb5 f6 37. Nc3 Rb8 38. Nb5 Kf7 39. Kf2 Ke7 40. Kg3 c6
41. Nc7 Rb6 42. f5 gxf5 43. exf5 Rxf5 44. Rg4 Kf7 45. Rd4 Rb7 46. Na6 Rb3 47.
Rxd6 Kg6 48. Nc7 Rfxf3+ 49. Kg2 Rfc3 0-1

[Event "32nd ECC Open 2016"]
[Site "Novi Sad SRB"]
[Date "2016.11.09"]
[Round "4.18"]
[Board "3"]
[White "Van Haastert, Edwin"]
[Black "Schwarz, Dusan"]
[Result "1-0"]
[WhiteTitle "IM"]
[WhiteElo "2448"]
[BlackElo "2278"]
[WhiteTeam "LSG IntelliMagic"]
[BlackTeam "SK Modra"]
[WhiteFideId "1003992"]
[BlackFideId "14903890"]
[EventDate "2016.11.06"]

1. e4 d5 2. exd5 Qxd5 3. Nc3 Qa5 4. d4 c6 5. Nf3 Bf5 6. Bc4 e6 7. Bd2 Nf6 8. Nd5
Qd8 9. Nxf6+ gxf6 10. O-O Bd6 11. Re1 Nd7 12. Nh4 Bg6 13. Bxe6 fxe6 14. Rxe6+
Be7 15. Qe2 Kf7 16. Re1 Ne5 17. dxe5 Kxe6 18. exf6+ Kxf6 19. Qe6+ Kg7 20. Nf5+ 1-0

[Event "32nd ECC Open 2016"]
[Site "Novi Sad SRB"]
[Date "2016.11.09"]
[Round "4.18"]
[Board "4"]
[White "Federic, Jozef"]
[Black "Bosman, Michiel"]
[Result "1/2-1/2"]
[WhiteTitle "FM"]
[BlackTitle "FM"]
[WhiteElo "2290"]
[BlackElo "2353"]
[WhiteTeam "SK Modra"]
[BlackTeam "LSG IntelliMagic"]
[WhiteFideId "14910659"]
[BlackFideId "1000721"]
[EventDate "2016.11.06"]

1. d4 Nf6 2. Nf3 d5 3. c4 e6 4. cxd5 exd5 5. Bg5 h6 6. Bh4 Nbd7 7. Nc3 Bb4 8. e3
g5 9. Bg3 Ne4 10. Qb3 c5 11. Bb5 O-O 12. O-O Bxc3 13. bxc3 c4 14. Qb2 Nb6 15. a4
a6 16. a5 axb5 17. axb6 Rxa1 18. Rxa1 Qxb6 19. Qb4 Re8 20. Ra8 f6 21. Ne1 Kf7
22. Nc2 Bd7 23. Rxe8 Bxe8 24. f3 Nxg3 25. hxg3 Qe6 26. Kf2 Bc6 27. Qb2 h5 28.
Nb4 Kg7 29. Qa1 Qd6 30. Qh1 Kh6 31. Qh3 Kg6 32. Qc8 Kg7 33. Qf5 Kh6 34. Qc8 Kg6
35. Qg8+ Kh6 36. f4 Qd7 37. Qf8+ Kg6 38. Qg8+ Qg7 39. Qe6 Qf7 40. Qd6 Kf5 41.
Nxc6 bxc6 42. Qxc6 gxf4 43. gxf4 Ke4 44. Qxb5 Kd3 45. Qb2 Qe8 46. Qb1+ Kxc3 47.
Qc1+ Kd3 48. Qd1+ Kc3 49. Qc1+ Kb3 50. Qb1+ Ka4 51. Qa2+ Kb4 52. Qb2+ Ka4 53.
Qa2+ Kb5 54. Qb2+ Kc6 55. Qa3 Qe6 56. Qa6+ Kd7 57. Qb7+ Kd8 58. Qb8+ Kd7 59.
Qb7+ Ke8 60. Qh7 Qg4 61. g3 Kf8 62. Qh8+ Kf7 63. Qh7+ Ke8 64. Qh8+ Ke7 65. Qh7+
Kd6 66. e4 Qd1 67. e5+ Kc6 68. Qa7 Qd2+ 69. Kf3 Qd3+ 70. Kf2 Qd2+ 71. Kf3 Qd3+
72. Kg2 Qc2+ 73. Kg1 Qd1+ 74. Kf2 1/2-1/2

[Event "32nd ECC Open 2016"]
[Site "Novi Sad SRB"]
[Date "2016.11.09"]
[Round "4.18"]
[Board "5"]
[White "Van der Werf, Mark"]
[Black "Banas, Kamil"]
[Result "1-0"]
[WhiteTitle "IM"]
[WhiteElo "2412"]
[BlackElo "2243"]
[WhiteTeam "LSG IntelliMagic"]
[BlackTeam "SK Modra"]
[WhiteFideId "1000470"]
[BlackFideId "14902141"]
[EventDate "2016.11.06"]

1. Nf3 d5 2. d4 c6 3. c4 e6 4. Nc3 dxc4 5. Bg5 f6 6. Bd2 a5 7. a4 Bb4 8. e3 b5
9. axb5 Bxc3 10. Bxc3 cxb5 11. b3 Bb7 12. bxc4 b4 13. Bb2 Ne7 14. Bd3 O-O 15.
O-O Nd7 16. Nd2 e5 17. Ne4 Qc7 18. Qh5 f5 19. Ng5 h6 20. Ne6 Qc6 21. d5 Nxd5 22.
cxd5 Qxd5 23. Qg6 Rf7 24. Rfd1 Nb6 25. Be2 Qc6 26. Rd8+ Rxd8 27. Qxf7+ Kxf7 28.
Nxd8+ 1-0

[Event "32nd ECC Open 2016"]
[Site "Novi Sad SRB"]
[Date "2016.11.09"]
[Round "4.18"]
[Board "6"]
[White "Mydlarik, Martin"]
[Black "De Jong, Jan-Willem"]
[Result "0-1"]
[BlackTitle "IM"]
[WhiteElo "2084"]
[BlackElo "2447"]
[WhiteTeam "SK Modra"]
[BlackTeam "LSG IntelliMagic"]
[WhiteFideId "14904829"]
[BlackFideId "1008641"]
[EventDate "2016.11.06"]

1. c4 e5 2. Nc3 Nf6 3. g3 Nc6 4. Bg2 Bc5 5. Nf3 d6 6. d3 h6 7. O-O a6 8. a3 O-O
9. b4 Ba7 10. h3 Be6 11. e4 Nh7 12. Nh4 Nd4 13. Kh2 b5 14. cxb5 axb5 15. Nf5 c6
16. Ne2 Nxf5 17. exf5 Bxf5 18. Bxc6 Bxh3 19. Bxa8 Bxf1 20. Qxf1 Qxa8 21. Qg2 Qc8
22. Ra2 Nf6 23. f3 Qf5 24. Rc2 Qh5+ 0-1

[Event "32nd ECC Open 2016"]
[Site "Novi Sad SRB"]
[Date "2016.11.09"]
[Round "4.19"]
[Board "1"]
[White "Murray, David"]
[Black "Kristensen, Kaare Hove"]
[Result "1-0"]
[BlackTitle "FM"]
[WhiteElo "2139"]
[BlackElo "2374"]
[WhiteTeam "Gonzaga"]
[BlackTeam "Skakklubben Nordkalotten"]
[WhiteFideId "2501511"]
[BlackFideId "1400940"]
[EventDate "2016.11.06"]

1. e4 c5 2. Nf3 d6 3. d4 cxd4 4. Nxd4 Nf6 5. Nc3 a6 6. Be3 e5 7. Nb3 Be7 8. f3
Be6 9. Qd2 O-O 10. O-O-O Nbd7 11. g4 b5 12. g5 b4 13. Ne2 Ne8 14. f4 a5 15. f5
Bxb3 16. cxb3 a4 17. bxa4 Rxa4 18. Kb1 Rxa2 19. Nc1 Ra8 20. Nb3 Qb8 21. Bc4 Nb6
22. Bxb6 Qxb6 23. f6 gxf6 24. g6 Kh8 25. gxf7 Nc7 26. Qh6 d5 27. exd5 Rxf7 28.
d6 Bf8 29. Qh4 Rd7 30. dxc7 Rxc7 31. Rhg1 Bg7 32. Bd3 Bf8 33. Rgf1 Qa7 34. Bc4
Bg7 35. Rfe1 Qa2+ 36. Kc2 Qa6 37. Re4 Rac8 38. Nd2 Qa2 39. Kd3 Qxb2 40. Ke2 Rd8
41. Bd3 Rxd3 42. Kxd3 Qc2+ 43. Ke2 Rd7 44. Rxb4 Qd3+ 45. Kf2 Rd8 46. Qc4 Qh3 47.
Nf3 Rf8 48. Rb7 Rc8 49. Rdd7 f5 50. Qd3 Rg8 51. Rxg7 Rxg7 52. Qd8+ 1-0

[Event "32nd ECC Open 2016"]
[Site "Novi Sad SRB"]
[Date "2016.11.09"]
[Round "4.19"]
[Board "2"]
[White "Sylvan, Jacob"]
[Black "Delaney, Killian"]
[Result "1/2-1/2"]
[WhiteTitle "FM"]
[WhiteElo "2376"]
[BlackElo "2227"]
[WhiteTeam "Skakklubben Nordkalotten"]
[BlackTeam "Gonzaga"]
[WhiteFideId "1402137"]
[BlackFideId "2501570"]
[EventDate "2016.11.06"]

1. e4 c6 2. d4 d5 3. e5 c5 4. dxc5 e6 5. a3 Nc6 6. Nf3 Bxc5 7. b4 Bb6 8. Bb2
Nge7 9. Bd3 Ng6 10. O-O O-O 11. Re1 f6 12. exf6 gxf6 13. c4 Nf4 14. cxd5 Qxd5
15. Bf1 Qxd1 16. Rxd1 e5 17. Nbd2 Bf5 18. Nc4 Bg4 19. Nxb6 axb6 20. Rd2 Rfd8 21.
Rad1 Nh3+ 22. gxh3 Bxf3 23. Bc4+ Kf8 24. Rxd8+ Rxd8 25. Rxd8+ Nxd8 26. b5 Ke7
27. Bc1 Ne6 28. Bxe6 Kxe6 29. Be3 Be2 30. Bxb6 Bxb5 1/2-1/2

[Event "32nd ECC Open 2016"]
[Site "Novi Sad SRB"]
[Date "2016.11.09"]
[Round "4.19"]
[Board "3"]
[White "Li, Henry"]
[Black "Pedersen, Daniel Vesterbaek"]
[Result "1-0"]
[BlackTitle "FM"]
[WhiteElo "2113"]
[BlackElo "2234"]
[WhiteTeam "Gonzaga"]
[BlackTeam "Skakklubben Nordkalotten"]
[WhiteFideId "2508524"]
[BlackFideId "1402161"]
[EventDate "2016.11.06"]

1. e4 e5 2. Nf3 Nc6 3. Bb5 a6 4. Ba4 Nf6 5. O-O Be7 6. Re1 b5 7. Bb3 O-O 8. h3
Bb7 9. d3 d6 10. a3 Nd4 11. Ba2 c5 12. Nbd2 Bc8 13. c3 Nc6 14. Bd5 Nxd5 15. exd5
Nb8 16. b4 Nd7 17. Nb3 cxb4 18. axb4 Nb6 19. c4 bxc4 20. dxc4 Nxc4 21. Qd3 Nb6
22. Na5 Bf6 23. Ra3 Bd7 24. Nc6 Qc8 25. Rc3 Qb7 26. Ng5 Bxg5 27. Bxg5 f6 28. Be3
Na4 29. Ra3 Nb6 30. Rc1 f5 31. f4 Rfe8 32. Kh2 Kh8 33. Bf2 Rec8 34. Rac3 Na4 35.
Ra3 Bxc6 36. dxc6 Rxc6 37. Qd5 Rc7 38. Qxb7 Rxb7 39. Rxa4 exf4 40. Rxa6 Rab8 41.
Rxd6 1-0

[Event "32nd ECC Open 2016"]
[Site "Novi Sad SRB"]
[Date "2016.11.09"]
[Round "4.19"]
[Board "4"]
[White "Hove, Esben Kjems"]
[Black "Freeman, Gordon"]
[Result "1-0"]
[WhiteTitle "FM"]
[WhiteElo "2279"]
[BlackElo "2119"]
[WhiteTeam "Skakklubben Nordkalotten"]
[BlackTeam "Gonzaga"]
[WhiteFideId "1401505"]
[BlackFideId "2501309"]
[EventDate "2016.11.06"]

1. d4 d5 2. Bg5 Nc6 3. e3 f6 4. Bh4 Nh6 5. c4 dxc4 6. Bxc4 e5 7. d5 Bb4+ 8. Nc3
Bxc3+ 9. bxc3 Ne7 10. e4 Nf7 11. Bb3 c5 12. c4 O-O 13. Ne2 Nd6 14. f3 b6 15. O-O
a5 16. a3 Bd7 17. Qc2 Qe8 18. Bg3 Qg6 19. Ba4 Bxa4 20. Qxa4 Qe8 21. Qc2 Nec8 22.
Rab1 Ra7 23. Rb2 Re7 24. Rfb1 f5 25. Rxb6 Nxb6 26. Rxb6 Qd8 27. Rc6 Rc7 28. Rxc7
Qxc7 29. Bxe5 fxe4 30. Nf4 exf3 31. Ne6 f2+ 32. Kf1 Nxc4 33. Qxh7+ Kxh7 34.
Nxf8+ Kg8 35. Bxc7 Kxf8 36. Kxf2 Nxa3 37. Bxa5 Ke7 38. Bc3 g6 39. Kf3 Nc4 40.
Be1 Kf6 41. Bc3+ Ke7 42. h4 Nd6 43. g4 Nb5 44. Be5 Na3 45. h5 Nc4 46. Bf4 gxh5
47. gxh5 Kf6 48. Ke4 Nb6 49. d6 Nd7 50. h6 Ke6 51. Kd3 Nf8 52. Kc4 Nd7 53. h7 1-0

[Event "32nd ECC Open 2016"]
[Site "Novi Sad SRB"]
[Date "2016.11.09"]
[Round "4.19"]
[Board "5"]
[White "Jackson, Carl"]
[Black "Ejsing, Esben"]
[Result "0-1"]
[WhiteElo "2108"]
[BlackElo "2205"]
[WhiteTeam "Gonzaga"]
[BlackTeam "Skakklubben Nordkalotten"]
[WhiteFideId "2502585"]
[BlackFideId "1418572"]
[EventDate "2016.11.06"]

1. e4 c5 2. Nc3 a6 3. g3 b5 4. Bg2 Bb7 5. Nge2 Nf6 6. d3 e6 7. O-O b4 8. Na4 Qc7
9. f4 d6 10. b3 Nc6 11. h3 Be7 12. g4 e5 13. f5 h6 14. Ng3 Nd4 15. Be3 d5 16. c3
Nb5 17. cxb4 d4 18. Bd2 cxb4 19. Nb2 Nc3 20. Qe1 a5 21. Nh5 Nxh5 22. gxh5 Ba6
23. Kh1 Bf6 24. Qg3 Ke7 25. Rfc1 Rhc8 26. Bf3 Kf8 27. Bd1 Qe7 28. Bxc3 dxc3 29.
Nc4 Bxc4 30. dxc4 Bg5 31. Rc2 Bf4 32. Qf3 Bd2 33. Be2 Ra7 34. Rg1 Rc5 35. Qg4
Qf6 36. Bd1 Rd7 37. Rg2 Rd4 38. Bf3 Rc7 39. Re2 Ra7 40. Rg2 a4 41. Rg1 axb3 42.
axb3 Ra3 43. Rb1 Rd8 44. Qg1 Rda8 45. Be2 Qh4 46. Bg4 Qd8 47. Qc5+ Kg8 48. Qxb4
Qd4 0-1

[Event "32nd ECC Open 2016"]
[Site "Novi Sad SRB"]
[Date "2016.11.09"]
[Round "4.19"]
[Board "6"]
[White "Jakobsen, Peter"]
[Black "McMorrow, John"]
[Result "1-0"]
[WhiteTitle "FM"]
[WhiteElo "2201"]
[BlackElo "1971"]
[WhiteTeam "Skakklubben Nordkalotten"]
[BlackTeam "Gonzaga"]
[WhiteFideId "1401440"]
[BlackFideId "2501481"]
[EventDate "2016.11.06"]

1. Nf3 d5 2. c4 c6 3. g3 Nf6 4. Bg2 Bg4 5. Ne5 Bh5 6. cxd5 Nxd5 7. d4 e6 8. O-O
Nd7 9. Nf3 N7f6 10. Nc3 Be7 11. Re1 Bg6 12. Ne5 Nd7 13. Nxg6 hxg6 14. e4 Nxc3
15. bxc3 Qa5 16. d5 e5 17. Rb1 Nb6 18. Qb3 Rd8 19. Rd1 O-O 20. c4 Bc5 21. Bb2
Rfe8 22. Bc3 Qa6 23. Bf1 Rd7 24. h4 Na4 25. Ba1 Ree7 26. Qc2 Rd6 27. Rd2 Nb6 28.
Kg2 Qa4 29. Rb3 f6 30. Qd3 Nc8 31. Qf3 cxd5 32. cxd5 Qe8 33. Rc2 b6 34. Bc3 Rc7
35. Bb4 Qf7 36. Bxc5 Rxc5 37. Rxc5 bxc5 38. Rb8 Qc7 39. Qb3 Kh7 40. Qb7 Qxb7 41.
Rxb7 f5 42. Rc7 Nb6 43. f3 Na4 44. Rxa7 Nc3 45. Ra3 Nb1 46. Rb3 Nd2 47. Rb2 Nxf1
48. Kxf1 fxe4 49. fxe4 g5 50. Rc2 gxh4 51. gxh4 Rh6 52. Rxc5 Rxh4 53. d6 Rxe4
54. Rd5 Rf4+ 55. Kg2 Rf8 56. d7 Rd8 57. a4 Kg6 58. a5 Kf6 59. a6 Ke6 60. Rd2 Ke7
61. a7 e4 62. Kf2 g5 63. Ke3 g4 64. Kxe4 g3 65. Kf3 g2 66. Kxg2 Rg8+ 67. Kf3 1-0

[Event "32nd ECC Open 2016"]
[Site "Novi Sad SRB"]
[Date "2016.11.09"]
[Round "4.20"]
[Board "1"]
[White "Niemi, Kalle"]
[Black "Villegas, Pierre"]
[Result "1/2-1/2"]
[WhiteTitle "FM"]
[BlackTitle "FM"]
[WhiteElo "2337"]
[BlackElo "2344"]
[WhiteTeam "Salon Shakkikerho"]
[BlackTeam "Cercle d'Echecs Monte-Carlo"]
[WhiteFideId "504378"]
[BlackFideId "654183"]
[EventDate "2016.11.06"]

1. e4 c6 2. d4 d5 3. Nd2 dxe4 4. Nxe4 Bf5 5. Ng3 Bg6 6. h4 h6 7. Nf3 e6 8. Ne5
Bh7 9. Bd3 Bxd3 10. Qxd3 Nd7 11. f4 Be7 12. Bd2 Nxe5 13. fxe5 Bxh4 14. O-O-O
Bxg3 15. Qxg3 Ne7 16. Qxg7 Rg8 17. Qxh6 Qd5 18. Kb1 Qxg2 19. Bb4 Nf5 20. Qf6 Rd8
21. a4 Qg7 22. Qxg7 Rxg7 23. Rh8+ Kd7 24. Rxd8+ Kxd8 25. c3 Rh7 26. Rg1 Rh8 27.
Kc2 Kc7 28. a5 Rh2+ 29. Kb3 Rh3 30. Ka2 Rh8 1/2-1/2

[Event "32nd ECC Open 2016"]
[Site "Novi Sad SRB"]
[Date "2016.11.09"]
[Round "4.20"]
[Board "2"]
[White "Ribbegren, Karl Johan"]
[Black "Westerinen, Heikki M.J."]
[Result "1-0"]
[BlackTitle "GM"]
[WhiteElo "2248"]
[BlackElo "2311"]
[WhiteTeam "Cercle d'Echecs Monte-Carlo"]
[BlackTeam "Salon Shakkikerho"]
[WhiteFideId "5400040"]
[BlackFideId "500020"]
[EventDate "2016.11.06"]

1. d4 Nf6 2. c4 g6 3. Nc3 Bg7 4. e4 d6 5. f4 O-O 6. Nf3 c5 7. dxc5 Qa5 8. Bd3
Qxc5 9. Qe2 Nc6 10. Be3 Qa5 11. O-O Bd7 12. Rac1 Rac8 13. h3 e6 14. Qf2 Rfd8 15.
Rfd1 Be8 16. a3 Qc7 17. Nb5 Qe7 18. e5 Nd7 19. Nxd6 Rb8 20. b4 Nb6 21. b5 Na5
22. Bxb6 axb6 23. Qxb6 Ra8 24. c5 f6 25. Be4 fxe5 26. fxe5 Bh6 27. Rc3 Rdb8 28.
Nxe8 Qxe8 29. Rd6 Bf8 30. Rxe6 Qd7 31. Rd3 Qc8 32. Rxg6+ 1-0

[Event "32nd ECC Open 2016"]
[Site "Novi Sad SRB"]
[Date "2016.11.09"]
[Round "4.20"]
[Board "3"]
[White "Jarvenpaa, Jari"]
[Black "Efimov, Igor"]
[Result "1-0"]
[WhiteTitle "FM"]
[BlackTitle "GM"]
[WhiteElo "2249"]
[BlackElo "2395"]
[WhiteTeam "Salon Shakkikerho"]
[BlackTeam "Cercle d'Echecs Monte-Carlo"]
[WhiteFideId "504220"]
[BlackFideId "806404"]
[EventDate "2016.11.06"]

1. d4 Nf6 2. Nf3 e6 3. e3 b6 4. Bd3 c5 5. O-O Be7 6. c4 d5 7. cxd5 exd5 8. Ne5
O-O 9. Nd2 Bd6 10. f4 Ba6 11. Bxa6 Nxa6 12. b3 Rc8 13. Bb2 Rc7 14. a3 Qe7 15.
Qe2 Nb8 16. dxc5 bxc5 17. Rfe1 Rb7 18. Qf3 Re8 19. Rab1 Qe6 20. Nec4 Nbd7 21.
Nxd6 Qxd6 22. Qg3 g6 23. b4 cxb4 24. axb4 Ne4 25. Nxe4 Rxe4 26. Bd4 a6 27. Rec1
Re8 28. Qg5 f6 29. Qg4 Kg7 30. Ra1 Ra8 31. Rc2 Nb6 32. Qf3 Rbb8 33. Bc5 Qe6 34.
Rd1 Rd8 35. f5 gxf5 36. Qg3+ Kh8 37. Bd4 Nc4 38. Qh4 Rd6 39. Rf2 Rg8 40. Rf3 Ne5
41. Rh3 Rd7 42. Kh1 Rg4 43. Qh6 Rg6 44. Qf8+ Rg8 45. Qh6 Ng4 46. Qf4 Rdg7 47.
Rh5 Qc8 48. Qxf5 Qc4 49. Rf1 Qe2 50. Qf3 Qc2 51. h3 Ne5 52. Rxe5 fxe5 53. Bxe5
Qd2 54. Qg4 h6 55. Bxg7+ Rxg7 56. Rf8+ 1-0

[Event "32nd ECC Open 2016"]
[Site "Novi Sad SRB"]
[Date "2016.11.09"]
[Round "4.20"]
[Board "4"]
[White "Van Hoolandt, Patrick"]
[Black "Hynninen, Juha"]
[Result "1/2-1/2"]
[WhiteTitle "FM"]
[WhiteElo "2156"]
[BlackElo "2220"]
[WhiteTeam "Cercle d'Echecs Monte-Carlo"]
[BlackTeam "Salon Shakkikerho"]
[WhiteFideId "200999"]
[BlackFideId "504289"]
[EventDate "2016.11.06"]

1. d4 Nf6 2. c4 e6 3. Nf3 b6 4. a3 Bb7 5. Nc3 d5 6. Bg5 Be7 7. e3 O-O 8. Be2 h6
9. Bh4 dxc4 10. O-O c5 11. dxc5 Bxc5 12. Bxc4 Qxd1 13. Rfxd1 g5 14. Bg3 a6 15.
Na4 Nbd7 16. Nxc5 Nxc5 17. h4 Nce4 18. hxg5 hxg5 19. Rd4 b5 20. Bb3 Nxg3 21.
fxg3 Bxf3 22. gxf3 Rfd8 23. Rad1 Rxd4 24. Rxd4 Kf8 25. e4 Ke7 26. e5 Nd7 27. f4
gxf4 28. gxf4 Rg8+ 29. Kf2 Rh8 30. Kg2 Rg8+ 31. Kf3 Rh8 32. Kg2 1/2-1/2

[Event "32nd ECC Open 2016"]
[Site "Novi Sad SRB"]
[Date "2016.11.09"]
[Round "4.20"]
[Board "5"]
[White "Pihlajasalo, Hannu"]
[Black "Nelis, Jean-Francois"]
[Result "1/2-1/2"]
[WhiteElo "2205"]
[BlackElo "2158"]
[WhiteTeam "Salon Shakkikerho"]
[BlackTeam "Cercle d'Echecs Monte-Carlo"]
[WhiteFideId "502456"]
[BlackFideId "623830"]
[EventDate "2016.11.06"]

1. d4 e6 2. Nf3 c5 3. c4 cxd4 4. Nxd4 a6 5. e3 Nf6 6. Be2 Bb4+ 7. Nd2 Be7 8. O-O
O-O 9. b3 Nc6 10. N2f3 Qc7 11. Bb2 b6 12. Nxc6 Qxc6 13. Ne5 Qc7 14. Bf3 Bb7 15.
Rc1 Rfd8 16. h3 Rac8 17. Ng4 Nxg4 18. hxg4 h6 19. Qe2 Qb8 20. Rfd1 b5 21. cxb5
Bxf3 22. gxf3 Rxc1 23. Rxc1 axb5 24. a4 bxa4 25. bxa4 Qb4 26. Qc2 Ra8 27. Ra1
Qb7 28. Kg2 h5 29. Rh1 h4 30. e4 d5 31. Ra1 Rc8 32. Qe2 Qb3 33. Rc1 Rxc1 34.
Bxc1 1/2-1/2